Statistics for Flags of Breakaway States

Click here to take the quiz!

General Stats

  • This quiz has been taken 200 times
  • The average score is 10 of 12

Answer Stats

Answer% Correct
Kosovo
100%
Taiwan
100%
Palestine
91%
Northern Cyprus
89%
Transnistria
86%
Western Sahara
83%
South Ossetia
81%
Abkhazia
79%
Somaliland
79%
Artsakh / Nagorno-Karabakh
74%
Donetsk
70%
Luhansk
66%

Score Distribution

Percentile by Number Answered

Percent of People with Each Score

Your Score History

You have not taken this quiz